| 000 | 01998nam0a2200361 4500 | ||
|---|---|---|---|
| 001 | RU\NLR\b_ik\192350 | ||
| 005 | 20250616231150.0 | ||
| 021 |
_aRU _b2011-76005 _95402 |
||
| 035 | _a(NLR Aleph) 002264791 | ||
| 090 |
_a3868853 _c3868853 |
||
| 100 | _a20111108d2011 |||y0rusy50 ca | ||
| 101 | 0 |
_aeng _drus |
|
| 102 | _aRU | ||
| 105 | _aa ||||||||| | ||
| 200 | 1 |
_aFine structure of the strength functions for Gamow-Teller and first-forbidden β+/EC transitions _fI.N. Izosimov, V.G. Kalinnikiv, A.A. Solnyshkin |
|
| 210 |
_aДубна _cИздательский отдел Объединенного института ядерных исследований _d2011 |
||
| 215 |
_a11, [1] c. _cил. _d22 |
||
| 225 | 1 |
_aОбъединеный институт ядерных исследований, Дубна _vE6-2011-46 |
|
| 300 | _aНа 3-й с. обл.: Тонкая структура силовых функций β+/EC-переходов Гамова-Теллера и переходов первого запрета / Изосимов И.Н., Калинников В.Г., Солнышкин А.А. | ||
| 300 | _aРез. на рус. яз. | ||
| 320 | _aБиблиогр. в конце кн. (12 назв.) | ||
| 517 | 0 | _aТонкая структура силовых функций β+/EC-переходов Гамова-Теллера и переходов первого запрета | |
| 606 | 1 |
_aДеформированное атомное ядро _xГамова-Теллера переходы _92139750 _3RU\NLR\auth\661594311 |
|
| 606 | 1 |
_aСферическое атомное ядро _xГамова-Теллера переходы _92139746 _3RU\NLR\auth\661594309 |
|
| 686 | _aВ383.2 | ||
| 700 | 1 |
_aIzosimov _bI. N. _gIgor' Nikolaevič _4070 |
|
| 701 | 1 |
_aKalinnikov _bV. G. _4070 |
|
| 701 | 1 |
_aSolnyškin _bA. A. _gAleksandr Aleksandrovič _4070 |
|
| 801 | 0 |
_aRU _bNLR _c20111108 _gRCR |
|
| 801 | 1 |
_aRU _bNLR _c20111108 |
|
| 942 | _cBOOK | ||
| 980 | _aNB | ||